| 000 | 00859 a2200217 4500 | ||
|---|---|---|---|
| 001 | 54914 | ||
| 005 | 20260407155824.0 | ||
| 008 | 260407a1967 arg spa d | ||
| 003 | AR-UNSa-BCEJYS | ||
| 040 |
_aAR-UNSa-BCEJYS _bspa _cAR-UNSa-BCEJYS |
||
| 080 |
_a316 _xSociología |
||
| 245 | 1 | 0 | _aLa sociología y la teoría moderna de los sistemas |
| 264 | 1 |
_aBuenos Aires : _bAmorrortu Editores _c1967 |
|
| 300 |
_a321 p. _c19 cm. |
||
| 505 | _a1. Introducción - 2. Modelos de sistema social - 3. Sistemas - 4. La organización y su génesis: Actos e interacciones - 5. La organización y su génesis: Roles e instituciones - 6. El control social: desviación,poder y procesos de retroalimentación | ||
| 942 | _cBK | ||
| 590 | _aniveau_biblio:m niveau_hierar:0 | ||
| 100 | 1 | _aBuckley, Walter | |
| 700 | 1 | _aLeal, Aníbal C. | |
| 700 | 1 | _aLlach, Juan José | |
| 999 |
_c5824 _d5824 |
||